Vista normal Vista MARC

Entrada Personal Name

Número de registros utilizados en: 4

001 - CONTROL NUMBER

  • control field: 1534

003 - CONTROL NUMBER IDENTIFIER

  • control field: OSt

005 - DATE AND TIME OF LATEST TRANSACTION

  • control field: 20210920175901.0

008 - FIXED-LENGTH DATA ELEMENTS

  • fixed length control field: 860211i| anannbabn |a ana

040 ## - CATALOGING SOURCE

  • Original cataloging agency: Co-BoUCM

100 ## - HEADING--PERSONAL NAME

  • Personal name: Santamaría Pastor, Juan Alonso

670 ## - SOURCE DATA FOUND

  • Source citation: Constitución y leyes administrativas fundamentales , 2007
  • Information found: t.p. (Tomás-Ramón Fernández, Juan Alfonso Santamaría Pastor y Santiago Muñoz Machado)